Statistiche per Le più grandi città della Spagna A-Z

Clicka qui per fare il quiz!

Statistiche generali

  • Questo quiz è stato fatto 129 volte
  • Il punteggio medio è 6 su 24

Statistiche sulle risposte

Popolazione (2015)Citta% Corretto
B1,604,555Barcellona
100%
M3,141,991 2Madrid
100%
V786,189Valencia
93%
S702.426Saragozza
62%
A328,648 12Alicante
52%
P400,578Palma di Maiorca
28%
O224,005Oviedo
26%
J207,532Jerez de la Frontera
25%
L379,766Las Palmas de
Gran Canaria
24%
G274,290Gijón
23%
E230,112Elche
21%
C327,362Cordova
19%
H148,806Huelva
11%
Z63.831Zamora
7%
F197,836Fuenlabrada
4%
T210,941Terrassa
4%
R103.194Reus
2%
X28 973Xàtiva
2%
Y35,025Yecla
2%
I60,951Irun
1%
D131.317Dos Hermanas
0%
N39 426Narón
0%
Q25,499Quart de Poblet
0%
U52.558Utrera
0%

Distribuzione punteggi

Percentile per numero di risposta

Percentuale di utenti per punteggio

I tuoi punteggi nel tempo

Non hai fatto questo quiz